[Event "16th 4NCL Congress"]
[Site "Coventry"]
[Date "2017.11.05"]
[Round "4"]
[Board "27"]
[White "Jukes, Sam"]
[Black "Metcalfe, Charlie P"]
[Result "1-0"]
[WhiteElo "1745"]
[BlackElo "1790"]
[PlyCount "105"]
[EventDate "2017.11.03"]
[EventRounds "5"]
[EventCountry "ENG"]

1. e4 e6 2. d4 d5 3. exd5 exd5 4. Nf3 Bd6 5. c4 c6 6. c5 Bc7 7. Bd3 Ne7 8. O-O
Bf5 9. Bxf5 Nxf5 10. Re1+ Ne7 11. Qe2 Nd7 12. Nc3 Nf8 13. Ne5 Bxe5 14. Qxe5 Ne6
15. f4 Qc7 16. Qxc7 Nxc7 17. f5 Kd7 18. g4 h5 19. Bf4 Rac8 20. Bd6 Rhe8 21. h3
hxg4 22. hxg4 f6 23. Bxc7 Kxc7 24. Re6 Ng8 25. Kg2 Rxe6 26. fxe6 Ne7 27. g5 Nf5
28. Ne2 Re8 29. gxf6 gxf6 30. Rh1 Rxe6 31. Rh7+ Re7 32. Rxe7+ Nxe7 33. Ng3 Kd7
34. Kf3 Ke6 35. Kg4 Kf7 36. b4 Kg6 37. a4 a6 38. Ne2 Nf5 39. Nf4+ Kg7 40. Kxf5
Kf7 41. Nh5 Ke7 42. Nxf6 Kd8 43. Ke6 Kc7 44. Nxd5+ cxd5 45. Kxd5 Kd7 46. b5
axb5 47. axb5 Kc7 48. Ke6 Kb8 49. d5 Kc8 50. d6 Kb8 51. c6 Ka7 52. d7 b6 53.
Ke7 1-0

[Event "16th 4NCL Congress"]
[Site "Coventry"]
[Date "2017.11.05"]
[Round "5"]
[Board "1"]
[White "Merry, Alan B"]
[Black "Sowray, Peter J"]
[Result "1/2-1/2"]
[WhiteElo "2422"]
[BlackElo "2322"]
[PlyCount "30"]
[EventDate "2017.11.03"]
[EventRounds "5"]
[EventCountry "ENG"]

1. e4 e5 2. Bc4 Nf6 3. d3 c6 4. Nf3 Be7 5. O-O d6 6. Nbd2 O-O 7. c3 Nbd7 8. Re1
Nc5 9. d4 Ncxe4 10. Nxe4 Nxe4 11. Rxe4 d5 12. Bxd5 cxd5 13. Rxe5 Bd6 14. Re1
Bg4 15. Qd3 Qd7 1/2-1/2

[Event "16th 4NCL Congress"]
[Site "Coventry"]
[Date "2017.11.05"]
[Round "5"]
[Board "2"]
[White "Arakhamia-Grant, Ketevan E"]
[Black "Turner, Matthew J"]
[Result "1/2-1/2"]
[WhiteElo "2369"]
[BlackElo "2545"]
[PlyCount "130"]
[EventDate "2017.11.03"]
[EventRounds "5"]
[EventCountry "ENG"]

1. e4 e5 2. Nf3 Nc6 3. Bc4 Bc5 4. c3 Nf6 5. d3 d6 6. O-O Bb6 7. h3 h6 8. a4 O-O
9. Re1 a6 10. Nbd2 Ne7 11. a5 Ba7 12. Bb3 Ng6 13. d4 Re8 14. Bc2 Nh5 15. Nf1
Qf6 16. Ne3 Nhf4 17. Nd5 Nxd5 18. exd5 Bf5 19. Be3 exd4 20. Nxd4 Bxd4 21. cxd4
Ne7 22. Ba4 Reb8 23. Qf3 c6 24. dxc6 bxc6 25. Bxc6 Nxc6 26. Qxc6 Qg6 27. Bf4
Bxh3 28. Ra3 Rc8 29. Qd5 Be6 30. Qxd6 Rd8 31. Qb6 Kh7 32. Rg3 Qc2 33. Be5 Rg8
34. Qb7 Qc8 35. Qe4+ Bf5 36. Qf3 Bg6 37. d5 Qc5 38. Bc3 Rad8 39. Rd1 Rd7 40.
Rg4 Re8 41. Rgd4 Re5 42. d6 Rf5 43. Rd5 Rxd5 44. Rxd5 Qc4 45. Qd1 f6 46. Rd4
Qe6 47. Qd2 Bf5 48. f3 h5 49. Bb4 Kg8 50. Kf2 Kf7 51. Bc5 g5 52. b4 h4 53. Qe3
Qa2+ 54. Rd2 Qc4 55. Qd4 Qc1 56. Re2 h3 57. Qd5+ Kg6 58. gxh3 Bxh3 59. Qg8+ Rg7
60. Qe8+ Rf7 61. Qg8+ Rg7 62. Qe8+ Rf7 63. Re1 Qc3 64. Re3 Qd2+ 65. Re2 Qc1
 1/2-1/2

[Event "16th 4NCL Congress"]
[Site "Coventry"]
[Date "2017.11.05"]
[Round "5"]
[Board "3"]
[White "Adair, James R"]
[Black "Roberson, Peter T"]
[Result "1-0"]
[WhiteElo "2479"]
[BlackElo "2403"]
[PlyCount "75"]
[EventDate "2017.11.03"]
[EventRounds "5"]
[EventCountry "ENG"]

1. e4 e6 2. d4 d5 3. Nc3 Nf6 4. e5 Nfd7 5. f4 c5 6. Nf3 Be7 7. Be3 O-O 8. dxc5
Nxc5 9. Qd2 Nbd7 10. Be2 f6 11. exf6 Nxf6 12. O-O Bd7 13. Ne5 Rc8 14. Bd4 Be8
15. Qe3 Bd6 16. Qh3 a6 17. Kh1 Qe7 18. a4 a5 19. Nb5 Bxe5 20. Bxe5 Nfe4 21. Bg4
Bxb5 22. axb5 b6 23. Rad1 Nf6 24. Be2 Ncd7 25. Bc3 e5 26. Qe3 e4 27. g4 Qc5 28.
Qxc5 Rxc5 29. g5 Ne8 30. Bg4 Rc7 31. Be6+ Kh8 32. Bxd5 Nc5 33. Bc6 Re7 34. Be5
e3 35. Rfe1 e2 36. Rxe2 Ne6 37. Rde1 Nd8 38. Bxe8 1-0

[Event "16th 4NCL Congress"]
[Site "Coventry"]
[Date "2017.11.05"]
[Round "5"]
[Board "4"]
[White "Greet, Andrew N"]
[Black "Mcphillips, Joseph"]
[Result "1-0"]
[WhiteElo "2460"]
[BlackElo "2401"]
[PlyCount "59"]
[EventDate "2017.11.03"]
[EventRounds "5"]
[EventCountry "ENG"]

1. d4 Nf6 2. c4 e6 3. Nf3 b6 4. g3 Ba6 5. Nbd2 Bb7 6. Bg2 c5 7. e4 cxd4 8. O-O
d6 9. Nxd4 Qc8 10. Re1 Be7 11. Nb1 O-O 12. Nc3 Rd8 13. Be3 Nc6 14. Rc1 Nxd4 15.
Bxd4 Bc6 16. Nd5 Qb7 17. Nxf6+ Bxf6 18. Bxf6 gxf6 19. Qg4+ Kh8 20. Rc3 Rg8 21.
Qf4 f5 22. Qxd6 fxe4 23. Qe5+ Rg7 24. Bxe4 Bxe4 25. Rxe4 Qb8 26. Qxb8+ Rxb8 27.
Rd3 Re8 28. Rd7 f5 29. Red4 e5 30. Rd8 1-0

[Event "16th 4NCL Congress"]
[Site "Coventry"]
[Date "2017.11.05"]
[Round "5"]
[Board "5"]
[White "Britton, Richard L"]
[Black "Williams, Simon K"]
[Result "0-1"]
[WhiteElo "2221"]
[BlackElo "2437"]
[PlyCount "58"]
[EventDate "2017.11.03"]
[EventRounds "5"]
[EventCountry "ENG"]

1. e4 e6 2. d3 d5 3. Nd2 Nf6 4. Ngf3 Bc5 5. e5 Nfd7 6. c3 f6 7. Nb3 Bb6 8. d4
c5 9. exf6 Qxf6 10. Be3 cxd4 11. Bxd4 e5 12. Nxe5 Bxd4 13. cxd4 O-O 14. Nf3 Qg6
15. Qd2 Re8+ 16. Kd1 Nc6 17. Qg5 Qf7 18. Bd3 Nf6 19. Qf4 Bg4 20. a3 Re4 21. Qd2
Rc8 22. Rc1 Nh5 23. Bxe4 dxe4 24. Rc3 exf3 25. g3 Nf6 26. Qf4 Qg6 27. h3 Be6
28. Qxf3 Bd5 29. Qe3 Re8 0-1

[Event "16th 4NCL Congress"]
[Site "Coventry"]
[Date "2017.11.05"]
[Round "5"]
[Board "6"]
[White "Jackson, James P"]
[Black "Hebden, Mark L"]
[Result "0-1"]
[WhiteElo "2304"]
[BlackElo "2460"]
[PlyCount "74"]
[EventDate "2017.11.03"]
[EventRounds "5"]
[EventCountry "ENG"]

1. e4 e5 2. Nf3 Nc6 3. Bb5 a6 4. Ba4 Nf6 5. O-O Be7 6. Re1 b5 7. Bb3 O-O 8. h3
Bb7 9. d3 d6 10. a3 Qd7 11. Nc3 Rae8 12. Nd5 Nd8 13. Nxe7+ Qxe7 14. Bg5 Ne6 15.
Bh4 Nf4 16. c3 c5 17. a4 Ng6 18. axb5 axb5 19. Bg5 Ra8 20. Nh4 Nxh4 21. Bxh4
Rxa1 22. Qxa1 Ra8 23. Qd1 h6 24. Qe2 g5 25. Bg3 Kg7 26. f3 Nh5 27. Bf2 Nf4 28.
Qf1 Bc8 29. Bc2 Ra2 30. Rb1 Be6 31. Kh2 Qb7 32. Ra1 Rxb2 33. Qc1 Nxd3 34. Bxd3
Rxf2 35. Rb1 c4 36. Bc2 Qb6 37. Ba4 Rxf3 0-1

[Event "16th 4NCL Congress"]
[Site "Coventry"]
[Date "2017.11.05"]
[Round "5"]
[Board "7"]
[White "Tan, Justin Hy"]
[Black "Willow, Jonah B"]
[Result "1-0"]
[WhiteElo "2453"]
[BlackElo "2144"]
[PlyCount "137"]
[EventDate "2017.11.03"]
[EventRounds "5"]
[EventCountry "ENG"]

1. e4 c5 2. Nf3 e6 3. d4 cxd4 4. Nxd4 Nc6 5. Nc3 Qc7 6. Be3 Nf6 7. f4 Bb4 8.
Ndb5 Qa5 9. e5 Ne4 10. Qd3 a6 11. Qxe4 axb5 12. Bd2 Ne7 13. Bd3 Nd5 14. O-O
Nxc3 15. bxc3 Bxc3 16. Bxc3 Qxc3 17. Kh1 Ra4 18. Qe3 g6 19. Rab1 Rxa2 20. Rb3
Qc6 21. Bxg6 hxg6 22. Rc3 Rxc2 23. Rxc6 Rxc6 24. Rb1 O-O 25. Rxb5 d5 26. exd6
Rxd6 27. h4 Rfd8 28. h5 Rd5 29. Rxd5 Rxd5 30. hxg6 fxg6 31. Qc3 Bd7 32. Qf6 Kh7
33. Kh2 Bc6 34. g4 Rd7 35. Qxe6 Kg7 36. Kg3 Rf7 37. Kh4 Bd7 38. Qd6 Kh7 39. Kg5
Rg7 40. Qa3 b5 41. Qb3 Be8 42. Qe6 Bd7 43. Qd5 Be8 44. Qd6 Bd7 45. Qf8 Be6 46.
Qf6 Bd7 47. Qd6 Bc8 48. Qd5 Bd7 49. Qc5 Rf7 50. Qg1 Kg8 51. Qb6 Rg7 52. Kh6
Rh7+ 53. Kxg6 Rg7+ 54. Kf6 Rf7+ 55. Ke5 Re7+ 56. Kd4 Bxg4 57. Qg6+ Rg7 58. Qe8+
Kh7 59. Qe4+ Kg8 60. f5 Kf7 61. Qe6+ Kf8 62. Qf6+ Kg8 63. Qd8+ Kh7 64. Qh4+ Kg8
65. f6 Rg6 66. Ke5 b4 67. Qg3 Kh7 68. Qh2+ Kg8 69. Qa2+ 1-0

[Event "16th 4NCL Congress"]
[Site "Coventry"]
[Date "2017.11.05"]
[Round "5"]
[Board "8"]
[White "Arkell, Keith C"]
[Black "White, Stuart A"]
[Result "1-0"]
[WhiteElo "2423"]
[BlackElo "2098"]
[PlyCount "67"]
[EventDate "2017.11.03"]
[EventRounds "5"]
[EventCountry "ENG"]

1. d4 d5 2. Nf3 Nf6 3. c4 c6 4. Qc2 dxc4 5. Qxc4 Bg4 6. Ne5 Be6 7. Qd3 Nbd7 8.
Nxd7 Qxd7 9. Nc3 O-O-O 10. e3 Bf5 11. Qc4 e5 12. dxe5 Ng4 13. f4 f6 14. h3 Nh6
15. exf6 Be6 16. Qa4 Nf5 17. fxg7 Bxg7 18. Kf2 Bf6 19. Ne4 Bh4+ 20. Kg1 Ng3 21.
Bd2 Nxe4 22. Qxe4 Bf5 23. Qd4 Qc7 24. Qb4 Rxd2 25. Qxd2 Rd8 26. Qc3 Qb6 27. Kh2
Re8 28. Rg1 Bf2 29. Bd3 Bd7 30. Qd4 Qd8 31. Rgf1 Bxe3 32. Qc3 Qh4 33. Rf3 Bg4
34. Rxe3 1-0

[Event "16th 4NCL Congress"]
[Site "Coventry"]
[Date "2017.11.05"]
[Round "5"]
[Board "9"]
[White "Jarmany, John"]
[Black "Richardson, John R"]
[Result "1/2-1/2"]
[WhiteElo "2095"]
[BlackElo "2252"]
[PlyCount "25"]
[EventDate "2017.11.03"]
[EventRounds "5"]
[EventCountry "ENG"]

1. d4 Nf6 2. Nf3 e6 3. e3 b6 4. Bd3 Bb7 5. Nbd2 d5 6. O-O Bd6 7. b3 O-O 8. Bb2
Ne4 9. Qe2 Nd7 10. Ne5 f6 11. Nxd7 Qxd7 12. Rad1 Rae8 13. f3 1/2-1/2

[Event "16th 4NCL Congress"]
[Site "Coventry"]
[Date "2017.11.05"]
[Round "5"]
[Board "10"]
[White "Yoon, Jacob D"]
[Black "Hynes, Am (tony)"]
[Result "0-1"]
[WhiteElo "2009"]
[BlackElo "2150"]
[PlyCount "74"]
[EventDate "2017.11.03"]
[EventRounds "5"]
[EventCountry "ENG"]

1. e4 e5 2. Nf3 Nc6 3. Bb5 a6 4. Ba4 Nf6 5. O-O b5 6. Bb3 Bc5 7. d3 d6 8. Nc3
Bg4 9. h3 Bh5 10. Bg5 h6 11. Bxf6 Qxf6 12. Bd5 Kd7 13. Bxc6+ Kxc6 14. Nd5 Bxf3
15. gxf3 Qh4 16. Kg2 h5 17. b4 Ba7 18. c4 Kd7 19. cxb5 axb5 20. Qb3 c6 21. Nc3
Qg5+ 22. Kh1 Qf4 23. Rg1 Qxf3+ 24. Rg2 Bxf2 25. Ne2 Qxh3+ 26. Rh2 Qf3+ 27. Rg2
h4 28. Ng1 Bxg1 29. Kxg1 h3 30. Rf2 h2+ 31. Rxh2 Rxh2 32. Qxf7+ Qxf7 33. Rf1
Rh1+ 34. Kg2 Qxf1+ 35. Kg3 Qf4+ 36. Kg2 Rh2+ 37. Kg1 Qf2# 0-1

[Event "16th 4NCL Congress"]
[Site "Coventry"]
[Date "2017.11.05"]
[Round "5"]
[Board "11"]
[White "Bates, Richard A"]
[Black "Rahulan, Thivyaa"]
[Result "1-0"]
[WhiteElo "2397"]
[BlackElo "1737"]
[PlyCount "69"]
[EventDate "2017.11.03"]
[EventRounds "5"]
[EventCountry "ENG"]

1. d4 e6 2. Nf3 f5 3. g3 Nf6 4. Bg2 d5 5. O-O Bd6 6. c4 c6 7. Nc3 O-O 8. Qc2
Ne4 9. Be3 b6 10. Nxe4 fxe4 11. Ne5 Bb7 12. f3 exf3 13. exf3 Bxe5 14. dxe5 Qe7
15. f4 dxc4 16. Rfd1 b5 17. Rd6 Na6 18. Bh3 Nc7 19. Rad1 Rfd8 20. Bxa7 Qe8 21.
Qd2 Rxd6 22. Qxd6 Rc8 23. Bb6 Nd5 24. Bxe6+ Kh8 25. Bxc8 Bxc8 26. e6 Kg8 27.
Bc5 h6 28. Re1 Nf6 29. Bd4 Nd5 30. f5 Ne7 31. Qe5 Qf8 32. Bc5 Qe8 33. f6 gxf6
34. Qxf6 Nd5 35. Qxh6 1-0

[Event "16th 4NCL Congress"]
[Site "Coventry"]
[Date "2017.11.05"]
[Round "5"]
[Board "12"]
[White "Roe, Simon J"]
[Black "Okhai, Shabir"]
[Result "1-0"]
[WhiteElo "2235"]
[BlackElo "2075"]
[PlyCount "82"]
[EventDate "2017.11.03"]
[EventRounds "5"]
[EventCountry "ENG"]

1. Nf3 d5 2. c4 e6 3. g3 dxc4 4. Bg2 Nd7 5. O-O Ngf6 6. Qa4 a6 7. Qxc4 b5 8.
Qc2 Bb7 9. d3 c5 10. Nc3 Be7 11. e4 O-O 12. h3 Qc7 13. Be3 Rac8 14. b3 Rfd8 15.
a4 b4 16. Nd1 a5 17. Nb2 Nb6 18. Rac1 Qb8 19. Nd2 Nfd7 20. f4 Qa8 21. Nbc4 Qa6
22. Rcd1 Nxc4 23. Nxc4 Nb6 24. Qf2 Nxc4 25. dxc4 Qb6 26. e5 Bxg2 27. Qxg2 h6
28. Qf3 Rxd1 29. Rxd1 Rd8 30. Kf2 Rxd1 31. Qxd1 Qc6 32. Qf3 Qxf3+ 33. Kxf3 g6
34. g4 Kh7 35. Ke4 Bf8 36. Bg1 Kh8 37. Bf2 Kh7 38. Bh4 h5 39. Bd8 hxg4 40. hxg4
Kh6 41. Bxa5 g5 1-0

[Event "16th 4NCL Congress"]
[Site "Coventry"]
[Date "2017.11.05"]
[Round "5"]
[Board "13"]
[White "Burrows, Martin P"]
[Black "Grieve, Harry"]
[Result "1-0"]
[WhiteElo "2085"]
[BlackElo "2221"]
[PlyCount "35"]
[EventDate "2017.11.03"]
[EventRounds "5"]
[EventCountry "ENG"]

1. e4 d6 2. d4 Nf6 3. Nc3 Nbd7 4. Nf3 e5 5. g4 d5 6. exd5 exd4 7. Nxd4 Nb6 8.
Bb5+ Bd7 9. Qe2+ Qe7 10. Bxd7+ Kxd7 11. Be3 Rd8 12. O-O-O Kc8 13. Nc6 bxc6 14.
dxc6 Rd6 15. Qa6+ Kd8 16. Bxb6 cxb6 17. Rxd6+ Qxd6 18. Rd1 1-0

[Event "16th 4NCL Congress"]
[Site "Coventry"]
[Date "2017.11.05"]
[Round "5"]
[Board "14"]
[White "Moore, Gerald"]
[Black "Mason, Donald J"]
[Result "0-1"]
[WhiteElo "2071"]
[BlackElo "2125"]
[PlyCount "44"]
[EventDate "2017.11.03"]
[EventRounds "5"]
[EventCountry "ENG"]

1. Nf3 g6 2. d4 Bg7 3. c4 d6 4. Nc3 Nd7 5. e4 e5 6. Be2 Ne7 7. O-O h6 8. Re1
O-O 9. Bf1 Kh7 10. Rb1 f5 11. dxe5 Nxe5 12. Nxe5 Bxe5 13. Qd2 f4 14. Ne2 g5 15.
f3 Ng6 16. Kh1 Qf6 17. b3 g4 18. Bb2 gxf3 19. gxf3 Nh4 20. Bxe5 dxe5 21. Ng1
Rg8 22. Qf2 Be6 0-1

[Event "16th 4NCL Congress"]
[Site "Coventry"]
[Date "2017.11.05"]
[Round "5"]
[Board "15"]
[White "Verma, Aditya"]
[Black "Lam, Paul Gm"]
[Result "1/2-1/2"]
[WhiteElo "2071"]
[BlackElo "2117"]
[PlyCount "29"]
[EventDate "2017.11.03"]
[EventRounds "5"]
[EventCountry "ENG"]

1. e4 Nc6 2. d4 d5 3. e5 Bf5 4. f4 e6 5. c3 f6 6. Nf3 Nge7 7. Be2 Ng6 8. Be3
fxe5 9. fxe5 Be7 10. Nbd2 O-O 11. O-O a5 12. a4 Na7 13. Qb3 c5 14. h3 h5 15.
Rac1 1/2-1/2

[Event "16th 4NCL Congress"]
[Site "Coventry"]
[Date "2017.11.05"]
[Round "5"]
[Board "16"]
[White "Varney, Zoe"]
[Black "Longson, Sarah N"]
[Result "0-1"]
[WhiteElo "2042"]
[BlackElo "2102"]
[PlyCount "46"]
[EventDate "2017.11.03"]
[EventRounds "5"]
[EventCountry "ENG"]

1. e4 e5 2. Nf3 Nc6 3. Bc4 Nf6 4. Ng5 d5 5. exd5 Na5 6. Bb5+ c6 7. dxc6 bxc6 8.
Qf3 Be7 9. Bxc6+ Nxc6 10. Qxc6+ Bd7 11. Qc4 O-O 12. Nc3 Rc8 13. Qe2 h6 14. Nf3
e4 15. Nxe4 Nxe4 16. Qxe4 Bb5 17. d3 Rxc2 18. Nd4 Bb4+ 19. Kd1 Re8 20. Qf5 Rc5
21. Qg4 Bxd3 22. Be3 Re4 23. Ne6 fxe6 0-1

[Event "16th 4NCL Congress"]
[Site "Coventry"]
[Date "2017.11.05"]
[Round "5"]
[Board "17"]
[White "Coleman, David J"]
[Black "Akeya-Price, Robert A"]
[Result "1-0"]
[WhiteElo "2093"]
[BlackElo "1686"]
[PlyCount "51"]
[EventDate "2017.11.03"]
[EventRounds "5"]
[EventCountry "ENG"]

1. e4 c6 2. d4 d5 3. exd5 cxd5 4. c4 Nf6 5. Nc3 e6 6. Nf3 Bb4 7. cxd5 Nxd5 8.
Qc2 O-O 9. Bd3 h6 10. O-O Nc6 11. a3 Ba5 12. Be3 Bb6 13. Rad1 Nce7 14. Qe2 Bd7
15. Bb1 a6 16. Qd3 Nf6 17. Ne5 Rc8 18. d5 Be8 19. Ng4 Ng6 20. Nxf6+ gxf6 21.
Bxh6 exd5 22. Qxd5 Qxd5 23. Nxd5 Bd8 24. Bxf8 Kxf8 25. Bf5 Rc6 26. Nb4 1-0

[Event "16th 4NCL Congress"]
[Site "Coventry"]
[Date "2017.11.05"]
[Round "5"]
[Board "18"]
[White "French, Max"]
[Black "Asenov, Pavel"]
[Result "1/2-1/2"]
[WhiteElo "1991"]
[BlackElo "2197"]
[PlyCount "92"]
[EventDate "2017.11.03"]
[EventRounds "5"]
[EventCountry "ENG"]

1. d4 Nf6 2. c4 e6 3. Nf3 b6 4. a3 Bb7 5. Nc3 d5 6. cxd5 Nxd5 7. Qc2 Nxc3 8.
Qxc3 Nd7 9. Bg5 Nf6 10. e3 c6 11. Bd3 Be7 12. O-O O-O 13. Rac1 c5 14. dxc5 Rc8
15. Qd4 Rxc5 16. Rxc5 Bxc5 17. Bxf6 Qxf6 18. Qxf6 gxf6 19. b4 Be7 20. Rc1 Rd8
21. Bb5 Bd6 22. Nd4 Be5 23. Kf1 a6 24. Be2 Kf8 25. Bf3 Rc8 26. Rxc8+ Bxc8 27.
Ke2 Bd6 28. Nc2 f5 29. Bc6 e5 30. a4 Ke7 31. b5 a5 32. Bd5 h5 33. g3 Bc5 34.
Ne1 Kf6 35. Nd3 Bd6 36. f4 Be6 37. Bxe6 fxe6 38. fxe5+ Bxe5 39. Nf4 Bxf4 40.
exf4 e5 41. fxe5+ Kxe5 42. Ke3 Kd5 43. Kd3 Kc5 44. Kc3 Kd5 45. Kd3 Kc5 46. Kc3
Kd5 1/2-1/2

[Event "16th 4NCL Congress"]
[Site "Coventry"]
[Date "2017.11.05"]
[Round "5"]
[Board "19"]
[White "Ther, Mate"]
[Black "Hand, Freddie"]
[Result "0-1"]
[WhiteElo "1549"]
[BlackElo "2192"]
[PlyCount "72"]
[EventDate "2017.11.03"]
[EventRounds "5"]
[EventCountry "ENG"]

1. e4 e5 2. Nf3 Nc6 3. Bb5 a6 4. Ba4 Nge7 5. O-O g6 6. c3 Bg7 7. d4 exd4 8.
cxd4 b5 9. Bb3 O-O 10. Nc3 d6 11. h3 Na5 12. Bc2 c5 13. dxc5 dxc5 14. Qxd8 Rxd8
15. Be3 Nec6 16. Bxc5 Nc4 17. Rab1 Be6 18. Bb3 N6a5 19. Bxc4 Nxc4 20. e5 Nxe5
21. Nxe5 Bxe5 22. Ne4 Bxa2 23. Ra1 Bc4 24. Rfd1 Rxd1+ 25. Rxd1 Bxb2 26. Rd2 Bg7
27. Nd6 Be6 28. Kf1 Bc3 29. Rc2 b4 30. Ne4 Bc4+ 31. Kg1 Bd3 32. Rxc3 bxc3 33.
Nxc3 a5 34. Nd5 f5 35. Nc3 Rc8 36. Bd4 a4 0-1

[Event "16th 4NCL Congress"]
[Site "Coventry"]
[Date "2017.11.05"]
[Round "5"]
[Board "20"]
[White "Han, Yichen"]
[Black "Koehn, Lennart"]
[Result "0-1"]
[WhiteElo "1835"]
[BlackElo "2069"]
[PlyCount "194"]
[EventDate "2017.11.03"]
[EventRounds "5"]
[EventCountry "ENG"]

1. d4 Nf6 2. Bf4 d5 3. e3 c5 4. c3 Nc6 5. Nf3 Qb6 6. Qb3 c4 7. Qxb6 axb6 8. h3
Bf5 9. Nbd2 b5 10. Ne5 Nd7 11. Nxd7 Kxd7 12. f3 e6 13. e4 Bg6 14. Be2 b4 15.
Kf2 Bd6 16. Bxd6 Kxd6 17. Ke3 bxc3 18. bxc3 Ra3 19. Rhc1 b5 20. Nb1 Ra7 21. Rc2
Rb8 22. Rb2 Na5 23. Na3 Kc6 24. Rab1 Nb3 25. Nc2 Na5 26. Rb4 Rab7 27. Na3 f6
28. Bd1 Be8 29. Nxb5 Kd7 30. a4 Nc6 31. R4b2 Na7 32. Kd2 Ke7 33. Kc1 Nxb5 34.
axb5 Rxb5 35. Rxb5 Rxb5 36. Ra1 Rb7 37. exd5 exd5 38. Ra5 Kd6 39. Ra6+ Ke7 40.
Ra5 Kd6 41. Bc2 Bg6 42. Bxg6 hxg6 43. Ra6+ Kd7 44. Kc2 g5 45. Ra8 Ke7 46. g4
Ke6 47. Ra6+ Ke7 48. Ra8 Ke6 49. Re8+ Kd7 50. Rh8 Ke6 51. h4 gxh4 52. Rxh4 g5
53. Rh8 Ra7 54. Re8+ Kd7 55. Rf8 Ke7 56. Rb8 Ra2+ 57. Kb1 Rf2 58. Rb7+ Ke6 59.
Rb6+ Kf7 60. Rd6 Rxf3 61. Kc2 Rg3 62. Rxd5 Rxg4 63. Rc5 Rg2+ 64. Kd1 g4 65. Ke1
Ke6 66. Rxc4 f5 67. Rc8 f4 68. c4 f3 69. Kf1 Rc2 70. d5+ Ke5 71. d6 Kxd6 72.
Rg8 Rxc4 73. Kf2 Rc2+ 74. Kf1 Rg2 75. Rg5 Ke6 76. Rg8 Kf5 77. Rf8+ Kg5 78. Rg8+
Kf4 79. Ra8 Rb2 80. Ra1 Kg3 81. Kg1 Kh3 82. Ra8 g3 83. Rh8+ Kg4 84. Rg8+ Kf4
85. Rf8+ Ke3 86. Re8+ Kd2 87. Rd8+ Ke1 88. Re8+ Re2 89. Rf8 Rg2+ 90. Kh1 Rh2+
91. Kg1 f2+ 92. Rxf2 Rxf2 93. Kh1 g2+ 94. Kg1 Ke2 95. Kh2 Kf1 96. Kg3 g1=Q+ 97.
Kh3 Rh2# 0-1

[Event "16th 4NCL Congress"]
[Site "Coventry"]
[Date "2017.11.05"]
[Round "5"]
[Board "22"]
[White "Modi, Kishan J"]
[Black "Munshi, Aditya"]
[Result "1/2-1/2"]
[WhiteElo "1772"]
[BlackElo "1986"]
[PlyCount "87"]
[EventDate "2017.11.03"]
[EventRounds "5"]
[EventCountry "ENG"]

1. e4 c6 2. d4 d5 3. e5 Bf5 4. h4 h5 5. Bg5 Qb6 6. Bd3 Qxd4 7. Nf3 Qg4 8. O-O
e6 9. Bxf5 Qxf5 10. c4 Ne7 11. Qb3 b6 12. Nc3 f6 13. cxd5 exd5 14. exf6 gxf6
15. Rfe1 fxg5 16. Re5 Qd7 17. Rd1 Na6 18. Nxd5 cxd5 19. Rdxd5 Qc6 20. Nxg5 Rd8
21. Rxd8+ Kxd8 22. Qd3+ Ke8 23. Ne6 Nc5 24. Qd8+ Kf7 25. Nxf8 Qf6 26. Rxe7+
Qxe7 27. Qxe7+ Kxe7 28. Ng6+ Kf6 29. Nxh8 Kg7 30. Kf1 Kxh8 31. Ke2 Kg7 32. Ke3
Kf6 33. Kd4 Kf5 34. f3 Kf4 35. g4 hxg4 36. fxg4 Kxg4 37. Kc4 Kxh4 38. Kb5 Kg4
39. b4 Nd3 40. Ka6 Nxb4+ 41. Kxa7 Nd5 42. Ka6 Kf4 43. a4 Ke4 44. a5 1/2-1/2

[Event "16th 4NCL Congress"]
[Site "Coventry"]
[Date "2017.11.05"]
[Round "5"]
[Board "23"]
[White "Modi, Shyam Jagdish"]
[Black "Gonem, Sherif"]
[Result "1-0"]
[WhiteElo "1938"]
[BlackElo "1785"]
[PlyCount "85"]
[EventDate "2017.11.03"]
[EventRounds "5"]
[EventCountry "ENG"]

1. d4 Nf6 2. c4 c5 3. d5 b5 4. cxb5 a6 5. bxa6 Bxa6 6. Nc3 d6 7. g3 g6 8. Bg2
Bg7 9. Nf3 Nbd7 10. Rb1 Qa5 11. O-O O-O 12. Qc2 Bc4 13. Nd2 Ba6 14. Nb3 Qc7 15.
Bf4 Nb6 16. Rfd1 Bc4 17. e4 Ng4 18. Nc1 Ne5 19. b3 Ba6 20. N1e2 Rfb8 21. a4
Nbd7 22. h3 Qa5 23. Be3 c4 24. Nd4 cxb3 25. Rxb3 Rc8 26. f4 Nc5 27. fxe5 Nxb3
28. Nc6 Rxc6 29. dxc6 Qxe5 30. Nd5 Na1 31. Qf2 Nc2 32. Qxc2 Qxg3 33. Qf2 Qxf2+
34. Kxf2 Bc8 35. Nb6 Rb8 36. Nxc8 Rxc8 37. Rc1 Bb2 38. Rc2 Ba3 39. e5 dxe5 40.
c7 Bd6 41. Bb6 f5 42. Bb7 Bxc7 43. Bxc7 1-0

[Event "16th 4NCL Congress"]
[Site "Coventry"]
[Date "2017.11.05"]
[Round "5"]
[Board "24"]
[White "Rushbrooke, Remy"]
[Black "Phillips, David"]
[Result "1-0"]
[WhiteElo "1788"]
[BlackElo "1784"]
[PlyCount "143"]
[EventDate "2017.11.03"]
[EventRounds "5"]
[EventCountry "ENG"]

1. f4 d5 2. g3 Nf6 3. Bg2 g6 4. d3 Bg7 5. c3 c6 6. Nf3 Qb6 7. Qb3 Nbd7 8. h3
O-O 9. Qxb6 axb6 10. O-O Nc5 11. Nbd2 Bd7 12. Ne1 Ra4 13. b3 Ra6 14. Bb2 Rfa8
15. a3 Nh5 16. Kh2 e5 17. d4 exd4 18. cxd4 Ne6 19. Nef3 Bf8 20. Ne5 Be8 21. b4
f6 22. Nd3 Nhg7 23. e4 dxe4 24. Nxe4 Be7 25. Rfe1 Rd8 26. Rad1 Kf7 27. Nef2 Nf5
28. Re4 Nd6 29. Re2 Nc7 30. Rde1 Bf8 31. d5 cxd5 32. Ng4 Ne4 33. Rd1 h5 34. Ne3
Ba4 35. Rc1 Bc6 36. Nxd5 Nxd5 37. Bxe4 Ne7 38. Bxc6 bxc6 39. Nf2 Bh6 40. Ne4 h4
41. Nxf6 hxg3+ 42. Kxg3 Rd3+ 43. Kg4 Nf5 44. Ne4 Ne3+ 45. Kf3 Nc4+ 46. Kg4 Ne3+
47. Kf3 Nc4+ 48. Kg2 Nxb2 49. Rxb2 Raxa3 50. Rxc6 Bxf4 51. Rf6+ Ke7 52. Rxf4
Rxh3 53. Re2 Rhe3 54. Rc2 Ke6 55. Nf2 Rg3+ 56. Kh2 Rgc3 57. Re4+ Kd7 58. Rd2+
Kc6 59. Rg4 Kb5 60. Rd5+ Kc6 61. Rdg5 Ra2 62. Rxg6+ Kb5 63. Rf6 Rcc2 64. Kg2
Rcb2 65. Rf5+ Ka4 66. Rf8 Kb5 67. Rg5+ Kxb4 68. Rf4+ Kc3 69. Rg3+ Kd2 70. Rd3+
Ke1 71. Re4+ Re2 72. Rd1# 1-0

[Event "16th 4NCL Congress"]
[Site "Coventry"]
[Date "2017.11.05"]
[Round "5"]
[Board "25"]
[White "Jukes, Sam"]
[Black "Makkar, Jitender"]
[Result "1-0"]
[WhiteElo "1745"]
[BlackElo "1527"]
[PlyCount "63"]
[EventDate "2017.11.03"]
[EventRounds "5"]
[EventCountry "ENG"]

1. e4 c6 2. d4 d5 3. Nc3 dxe4 4. Nxe4 Bf5 5. Ng3 Bg6 6. h4 h6 7. Nf3 e6 8. h5
Bh7 9. Bd3 Bxd3 10. Qxd3 Qa5+ 11. Bd2 Qa6 12. Qxa6 Nxa6 13. Ne5 Nb4 14. Bxb4
Bxb4+ 15. c3 Bd6 16. O-O-O Nf6 17. Rh4 O-O 18. f4 c5 19. f5 cxd4 20. cxd4 Rad8
21. fxe6 fxe6 22. Ne2 Bxe5 23. dxe5 Rxd1+ 24. Kxd1 Nd7 25. Re4 Rf5 26. Nd4 Kf7
27. Nxf5 exf5 28. e6+ Ke7 29. Ra4 Kxe6 30. Rxa7 Nf6 31. Rxb7 Nxh5 32. a4 1-0

[Event "16th 4NCL Congress"]
[Site "Coventry"]
[Date "2017.11.05"]
[Round "5"]
[Board "26"]
[White "Metcalfe, Charlie P"]
[Black "Camp, Imogen Al"]
[Result "0-1"]
[WhiteElo "1790"]
[BlackElo "1855"]
[PlyCount "78"]
[EventDate "2017.11.03"]
[EventRounds "5"]
[EventCountry "ENG"]

1. d4 d5 2. Nf3 Nf6 3. c4 e6 4. Nc3 c6 5. cxd5 exd5 6. Bg5 Be7 7. e3 O-O 8. Qc2
Re8 9. Bd3 h6 10. Bxf6 Bxf6 11. O-O Be6 12. b4 Nd7 13. Rfc1 Rc8 14. Qb3 Nb6 15.
Rab1 Nc4 16. Na4 b5 17. Nc5 Bg4 18. Qc3 Be7 19. Nd2 Bd6 20. h3 Bxc5 21. bxc5
Bd7 22. Nxc4 dxc4 23. Be2 Qg5 24. Kf1 Bf5 25. Ra1 Be4 26. Bf3 Bxf3 27. gxf3 Qh5
28. Ke2 Qxh3 29. Qa5 Qd7 30. a4 Qxd4 31. axb5 Qxc5 32. bxc6 Qxc6 33. Qxa7 c3
34. Qd4 Qb5+ 35. Qd3 Qb2+ 36. Qc2 Rcd8 37. Kf1 Rd2 38. Qxb2 cxb2 39. Rd1 bxa1=Q
 0-1